Statistiques concernant Super Mario 64 étoiles de puissances sur une carte: Forteresse de Whomp

Cliquez ici pour prendre le quiz!

Statistiques générales

  • Ce quiz a été pris 50 fois
  • Le résultat moyen est 6 sur 7

Réponses sur la Carte

Les réponses sont colorées sur une échelle allant du rouge au vert en fonction du pourcentage des utilisateurs qui les ont devinées à leur premier essai. Vous pouvez retrouver ces pourcentages ci-dessous.
 

Statistiques - réponses

Réponse% Correct
Destruction du gros {Whomp}
93%
Tombez dans la {cage} perchée
86%
Canon vers un {mur}...
84%
En haut de la {forteresse}
81%
{Pièces} {rouges} dans les airs
79%
{Canon} vers les cieux
72%
{Etoile} de la forteresse
58%

Distribution des résultats

Percentile par nombre de réponses

% des personnes avec chaque résultat

Votre développement - résultats

Vous n’avez pas pris ce quiz